000 00422nam a22001457a 4500
999 _c7740
_d7740
020 _a978818324208
050 _aRT14
_b.P35
100 _aPandey, Rajkumar
245 _aNursing and Midwifery Education
_cby Rajkumar Pandey
260 _aNew Delhi
_bMittal Publications
_c2007
300 _av, 264p ;
500 _aincludes bibliographic reference and index
650 _aNursing Education
_xMidwifery Education
942 _cBK